000 00396nam a2200157 4500
020 _a9788119331154
082 _aM3
_bSRE/S
100 _aSreedharan Perumbadavam
245 _aSankhumudrayulla vaal/
_cby Sreedharan Perumbadavam
260 _aThrissur:
_bH&C,
_c2023.
300 _a264p.
650 _aNovel Malayalam
650 _aLiterature Malayalam
650 _aLiterature
942 _cBK
999 _c181545
_d181545